000 002360000a22000970004500
100 1 _aBradac, Carlos
245 1 0 _aMedio mundo en manos de Yeltsin
300 _aVol. 16, Núm 16 (1993), Páginas 52-53
773 0 _tCambio 16
942 _cANA
999 _c58379
_d58379